000 00959nac a22002777a 4500
001 BR7601185
003 BR-BrBNA
005 20240105113923.0
008 230509b bl.|||m| |||| 00| 0 por d
040 _aBR-BrBNA
_bpor
_cBiblioteca Nacional de Agricultura
072 _aE30
090 _aE30 BR7601185
110 1 _aDiretoria Estadual do Ministerio da Agricultura em Roraima, Boa Vista (Brasil)
_93429
245 1 _aRelatorio 1975 [Diretoria Estadual do Ministerio da Agricultura em Roraima, Brasil]
_bAnexos de 1974
260 3 _aBoa Vista, RR (Brasil):
_c1975.
300 _a55 p.
490 _aRelatorio - Diretoria Estadual do Ministerio da Agricultura em Roraima (Brazil)
_v
_x
650 _aDESENVOLVIMENTO AGRICOLA
650 _aENGENHARIA RURAL
650 _aADMINISTRACAO
650 _aECONOMIA AGRICOLA
650 _aCOMERCIALIZACAO
650 _aRORAIMA
909 _a202312
_bLúcia Elande
_c55
_dLúcia Elande
942 _2AGRIS
_n0
_cMS
999 _c266351
_d266351